000
00306nam a2200121Ia 4500
008
220204s9999 xx 000 0 und d
082
_a
635.1/.8(540)
_b
KAT
100
_a
KATYAL, S L
245
0
_a
Vegetable growing in India
260
_a
New Delhi
_b
Oxford & IBH
_c
1977
650
_a
Vegetables
942
_c
BK
999
_c
27533
_d
27533